A tanácsok népképviseleti-önkormányzati, államigazgatási jellege
Elmentve itt :
| Szerző: | |
|---|---|
| További közreműködők: | |
| Dokumentumtípus: | Szakdolgozat |
| Megjelent: |
1984
|
| Tárgyszavak: | |
| Online Access: | http://diploma.bibl.u-szeged.hu/20960 |
| LEADER | 00573nta a2200157 i 4500 | ||
|---|---|---|---|
| 001 | dipl20960 | ||
| 005 | 20130314080451.0 | ||
| 008 | 111221s1984 hu om 0|| zxx d | ||
| 040 | |a SZTE Diploma Repozitórium |b hun | ||
| 041 | |a zxx | ||
| 100 | 1 | |a Nagy Károly | |
| 245 | 1 | 2 | |a A tanácsok népképviseleti-önkormányzati, államigazgatási jellege |h [elektronikus dokumentum] / |c Károly Nagy |
| 260 | |c 1984 | ||
| 650 | 4 | |a Jogi és igazgatási tanulmányok | |
| 700 | 1 | |a nincs megadva |e ths | |
| 856 | 4 | 0 | |u http://diploma.bibl.u-szeged.hu/id/eprint/20960/1/1984_nagy_karoly.pdf |z Dokumentum-elérés |